Деловое письмо: учебно-справочное пособие

Podrobná bibliografie
Další autoři: Кузнецов И. Н. (составитель)
Shrnutí:Излагаются правила подготовки, оформления и отправки деловых писем. Рассмотрены правила оформления делового письма в России согласно ГОСТ Р 6.30-2003 и правила оформления международного письма, которые выработаны национальными службами стандартизации в рамках ИСО. Особое внимание уделяется тексту письма, приводятся примеры составления писем в органы государственной власти и различные организации. Пособие содержит образцы основных видов и разновидностей деловых писем, используемых в управленческой деятельности и бизнесе при осуществлении деловых коммуникаций с российскими и зарубежными партнерами. Правила оформления деловых писем излагаются на основе современных нормативных документов в сфере связи, информации и документации. Для работников органов власти и управления, предпринимателей, преподавателей, студентов, изучающих делопроизводство и менеджмент.
Jazyk:ruština
Vydáno: Москва, Дашков и К, 2008
Vydání:2-е изд.
Témata:
Médium: MixedMaterials Kniha
KOHA link:https://koha.lib.tpu.ru/cgi-bin/koha/opac-detail.pl?biblionumber=136841

MARC

LEADER 00000nam0a2200000 4500
001 136841
005 20231031140813.0
010 |a 9785911319144 
035 |a (RuTPU)RU\TPU\book\148321 
090 |a 136841 
100 |a 20080428d2008 m y0rusy50 ca 
101 0 |a rus 
102 |a RU 
105 |a y z 001zy 
200 1 |a Деловое письмо  |e учебно-справочное пособие  |f сост. И. Н. Кузнецов 
205 |a 2-е изд. 
210 |a Москва  |c Дашков и К  |d 2008 
215 |a 196 с. 
320 |a Библиогр.: с. 131-135. 
330 |a Излагаются правила подготовки, оформления и отправки деловых писем. Рассмотрены правила оформления делового письма в России согласно ГОСТ Р 6.30-2003 и правила оформления международного письма, которые выработаны национальными службами стандартизации в рамках ИСО. Особое внимание уделяется тексту письма, приводятся примеры составления писем в органы государственной власти и различные организации. Пособие содержит образцы основных видов и разновидностей деловых писем, используемых в управленческой деятельности и бизнесе при осуществлении деловых коммуникаций с российскими и зарубежными партнерами. Правила оформления деловых писем излагаются на основе современных нормативных документов в сфере связи, информации и документации. Для работников органов власти и управления, предпринимателей, преподавателей, студентов, изучающих делопроизводство и менеджмент. 
610 1 |a деловые письма 
610 1 |a справочные пособия 
610 1 |a язык 
610 1 |a стиль 
610 1 |a типичные ошибки 
610 1 |a структура 
610 1 |a оформление 
610 1 |a международные письма 
610 1 |a учебные пособия 
610 1 |a делопроизводство 
610 1 |a менеджмент 
675 |a 651.4/.9(07)  |v 3 
702 1 |a Кузнецов  |b И. Н.  |4 220 
801 1 |a RU  |b 63413507  |c 20080428  |g PSBO 
801 2 |a RU  |b 63413507  |c 20220607  |g PSBO 
942 |c BK 
959 |a 47/20080428  |d 2  |e 196,00  |f АНЛ:1  |f ЧЗГЛ:1